[Event "29. Klatovy A 2023"]
[Site "Klatovy"]
[Date "2023.07.03"]
[Round "3.2"]
[White "Slovak, Kilian"]
[Black "Dvorak, Jan"]
[Result "1-0"]
[WhiteElo "2297"]
[BlackElo "2176"]
[PlyCount "129"]
[EventDate "2023.07.01"]
[EventType "swiss"]
[EventRounds "9"]
[EventCountry "CZE"]
[TimeControl "120+30"]

1. e4 {[%emt 0:00:02]} e6 {[%emt 0:00:09]} 2. d4 {[%emt 0:00:06]} d5 {[%emt 0:00:06]} 3. Nc3 {[%emt 0:00:14]} dxe4 {[%emt 0:00:06]} 4. Nxe4 {[%emt 0:00:01]} Bd7 {[%emt 0:00:10]} 5. Nf3 {[%emt 0:00:54]} Bc6 {[%emt 0:00:05]} 6. Bd3 {[%emt 0:00:21]} Nd7 {[%emt 0:00:10]} 7. Qe2 {[%emt 0:01:52]} Ngf6 {[%emt 0:01:00]} 8. Nxf6+ {[%emt 0:04:07]} Nxf6 {[%emt 0:01:50]} 9. O-O {[%emt 0:00:06]} Bxf3 {[%emt 0:03:11]} 10. Qxf3 {[%emt 0:00:47]} c6 {[%emt 0:00:08]} 11. c3 {[%emt 0:01:02]} Qd5 {[%emt 0:14:56]} 12. Qxd5 {[%emt 0:06:47]} Nxd5 {[%emt 0:00:23]} 13. Re1 {[%emt 0:09:13]} O-O-O {[%emt 0:07:33]} 14. Bg5 {[%emt 0:03:11]} Be7 {[%emt 0:02:28]} 15. Bxe7 {[%emt 0:00:06]} Nxe7 {[%emt 0:00:05]} 16. Be4 {[%emt 0:08:02]} Rd7 {[%emt 0:07:43]} 17. f4 {[%emt 0:05:14]} g6 {[%emt 0:04:25]} 18. Kf2 {[%emt 0:00:30]} Nd5 {[%emt 0:03:51]} 19. g3 {[%emt 0:00:15]} Kc7 {[%emt 0:01:32]} 20. Bf3 {[%emt 0:03:14]} Rhd8 {[%emt 0:07:09]} 21. Re2 {[%emt 0:02:51]} b6 {[%emt 0:01:27]} 22. Rd1 {[%emt 0:02:20]} Nf6 {[%emt 0:05:36]} 23. Red2 {[%emt 0:02:39]} Nd5 {[%emt 0:00:10]} 24. Ke2 {[%emt 0:00:09]} Rd6 {[%emt 0:01:55]} 25. Kd3 {[%emt 0:04:24]} Rg8 {[%emt 0:05:25]} 26. c4 {[%emt 0:13:54]} Nf6 {[%emt 0:04:52]} 27. Kc3 {[%emt 0:02:10]} Rgd8 {[%emt 0:02:24]} 28. b4 {[%emt 0:04:03]} b5 {[%emt 0:05:50]} 29. c5 {[%emt 0:00:42]} Nd5+ {[%emt 0:07:03]} 30. Bxd5 {[%emt 0:01:42]} Rxd5 {[%emt 0:00:05]} 31. a4 {[%emt 0:00:04]} bxa4 {[%emt 0:06:25]} 32. Ra1 {[%emt 0:01:06]} a6 {[%emt 0:02:14]} 33. Rxa4 {[%emt 0:00:14]} Kb7 {[%emt 0:00:02]} 34. Ra1 {[%emt 0:00:39]} R5d7 {[%emt 0:00:24]} 35. g4 {[%emt 0:02:19]} Rd5 {[%emt 0:04:45]} 36. Rf1 {[%emt 0:06:50]} Re8 {[%emt 0:06:16]} 37. Rd3 {[%emt 0:06:34]} h5 {[%emt 0:03:22]} 38. f5 {[%emt 0:03:30]} exf5 {[%emt 0:01:24]} 39. gxh5 {[%emt 0:03:15]} gxh5 {[%emt 0:07:31]} 40. Rdf3 {[%emt 0:01:35]} Re4 {[%emt 0:03:15]} 41. Rxf5 {[%emt 0:00:41]} Rdxd4 {[%emt 0:01:00]} 42. Rxf7+ {[%emt 0:00:09]} Kc8 {[%emt 0:00:03]} 43. Rf8+ {[%emt 0:02:11]} Kd7 {[%emt 0:01:43]} 44. Rb8 {[%emt 0:00:30]} Rf4 {[%emt 0:04:07]} 45. Rb7+ {[%emt 0:07:08]} Ke6 {[%emt 0:02:25]} 46. Re1+ {[%emt 0:04:31]} Kf6 {[%emt 0:04:03]} 47. Re8 {[%emt 0:02:07]} Rh4 {[%emt 0:03:15]} 48. Rc8 {[%emt 0:03:08]} Ke5 {[%emt 0:00:13]} 49. Re8+ {[%emt 0:00:53]} Kf6 {[%emt 0:00:01]} 50. Rf8+ {[%emt 0:02:34]} Ke6 {[%emt 0:00:29]} 51. Rf2 {[%emt 0:05:24]} a5 {[%emt 0:01:03]} 52. Re2+ {[%emt 0:02:03]} Kf6 {[%emt 0:00:05]} 53. bxa5 {[%emt 0:00:17]} Rc4+ {[%emt 0:00:00]} 54. Kb3 {[%emt 0:00:09]} Rxc5 {[%emt 0:00:28]} 55. Ra2 {[%emt 0:04:56]} Re5 {[%emt 0:00:30]} 56. Rb4 {[%emt 0:00:23]} Rh3+ {[%emt 0:01:33]} 57. Ka4 {[%emt 0:00:00]} Rd3 {[%emt 0:00:23]} 58. Rc2 {[%emt 0:01:06]} c5 {[%emt 0:00:41]} 59. Rbc4 {[%emt 0:00:05]} Rd4 {[%emt 0:00:57]} 60. Kb5 {[%emt 0:00:00]} Rd1 {[%emt 0:00:32]} 61. Rxc5 {[%emt 0:00:32]} Rb1+ {[%emt 0:00:14]} 62. Ka6 {[%emt 0:00:02]} h4 {[%emt 0:00:45]} 63. Rxe5 {[%emt 0:00:44]} Kxe5 {[%emt 0:00:04]} 64. Rc4 {[%emt 0:00:04]} h3 {[%emt 0:00:32]} 65. Rc3 {[%emt 0:00:04]} 1-0

[Event "29. Klatovy A 2023"]
[Site "Klatovy"]
[Date "2023.07.03"]
[Round "3.3"]
[White "Jun, Rudolf"]
[Black "Horak, Martin"]
[Result "1/2-1/2"]
[WhiteElo "2223"]
[BlackElo "2266"]
[PlyCount "43"]
[EventDate "2023.07.01"]
[EventType "swiss"]
[EventRounds "9"]
[EventCountry "CZE"]
[TimeControl "120+30"]

1. e4 {[%emt 0:00:01]} c5 {[%emt 0:00:07]} 2. Nf3 {[%emt 0:00:14]} e6 {[%emt 0:00:08]} 3. c4 {[%emt 0:00:57]} Nc6 {[%emt 0:00:06]} 4. Nc3 {[%emt 0:00:06]} Nd4 {[%emt 0:01:11]} 5. Be2 {[%emt 0:00:23]} Ne7 {[%emt 0:00:29]} 6. O-O {[%emt 0:00:29]} Nec6 {[%emt 0:00:37]} 7. Nb5 {[%emt 0:00:58]} Nxf3+ {[%emt 0:09:14]} 8. Bxf3 {[%emt 0:00:07]} Be7 {[%emt 0:01:11]} 9. d3 {[%emt 0:04:43]} a6 {[%emt 0:03:07]} 10. Na3 {[%emt 0:00:05]} Bf6 {[%emt 0:06:40]} 11. Nc2 {[%emt 0:00:34]} O-O {[%emt 0:12:44]} 12. Rb1 {[%emt 0:01:21]} Nd4 {[%emt 0:12:11]} 13. Be3 {[%emt 0:03:37]} Nxf3+ {[%emt 0:08:22]} 14. Qxf3 {[%emt 0:00:06]} Qc7 {[%emt 0:00:29]} 15. Qg3 {[%emt 0:06:53]} d6 {[%emt 0:03:13]} 16. b4 {[%emt 0:07:43]} b6 {[%emt 0:02:20]} 17. Rfc1 {[%emt 0:01:05]} Rd8 {[%emt 0:04:40]} 18. d4 {[%emt 0:08:24]} cxd4 {[%emt 0:02:32]} 19. Nxd4 {[%emt 0:00:05]} Bb7 {[%emt 0:01:13]} 20. f3 {[%emt 0:00:33]} Rac8 {[%emt 0:09:17]} 21. Qf2 {[%emt 0:01:08]} Qd7 {[%emt 0:05:03]} 22. b5 {[%emt 0:07:11]} 1/2-1/2

[Event "29. Klatovy A 2023"]
[Site "Klatovy"]
[Date "2023.07.03"]
[Round "3.4"]
[White "Soural, Jan"]
[Black "Straka, Vojtech"]
[Result "1/2-1/2"]
[WhiteElo "2176"]
[BlackElo "2433"]
[PlyCount "46"]
[EventDate "2023.07.01"]
[EventType "swiss"]
[EventRounds "9"]
[EventCountry "CZE"]
[TimeControl "120+30"]

1. c4 {[%emt 0:00:01]} c6 {[%emt 0:00:50]} 2. Nf3 {[%emt 0:00:11]} d5 {[%emt 0:00:08]} 3. e3 {[%emt 0:00:26]} Nf6 {[%emt 0:00:13]} 4. Nc3 {[%emt 0:00:11]} e6 {[%emt 0:02:07]} 5. Qc2 {[%emt 0:02:39]} Bd6 {[%emt 0:00:49]} 6. b3 {[%emt 0:03:54]} O-O {[%emt 0:01:51]} 7. Bb2 {[%emt 0:01:07]} e5 {[%emt 0:01:54]} 8. cxd5 {[%emt 0:02:04]} cxd5 {[%emt 0:00:10]} 9. Nb5 {[%emt 0:01:53]} Nc6 {[%emt 0:00:09]} 10. Nxd6 {[%emt 0:00:52]} Qxd6 {[%emt 0:00:02]} 11. Rc1 {[%emt 0:22:42]} Bg4 {[%emt 0:06:30]} 12. Be2 {[%emt 0:09:18]} Rac8 {[%emt 0:08:49]} 13. Qd1 {[%emt 0:16:01]} e4 {[%emt 1:09:20]} 14. Nd4 {[%emt 0:11:36]} Nxd4 {[%emt 0:01:14]} 15. Bxg4 {[%emt 0:15:50]} Nxg4 {[%emt 0:02:44]} 16. Bxd4 {[%emt 0:10:13]} Nxh2 {[%emt 0:04:04]} 17. Rc3 {[%emt 0:19:44]} g6 {[%emt 0:06:20]} 18. Qc2 {[%emt 0:01:18]} Rxc3 {[%emt 0:10:25]} 19. Qxc3 {[%emt 0:00:07]} Re8 {[%emt 0:00:05]} 20. Bh8 {[%emt 0:02:47]} f6 {[%emt 0:01:54]} 21. Qxf6 {[%emt 0:04:53]} Qxf6 {[%emt 0:00:15]} 22. Bxf6 {[%emt 0:00:04]} Ng4 {[%emt 0:00:06]} 23. Bd4 {[%emt 0:00:31]} Ne5 {[%emt 0:04:58]} 1/2-1/2

[Event "29. Klatovy A 2023"]
[Site "Klatovy"]
[Date "2023.07.03"]
[Round "3.5"]
[White "Neuman, Petr"]
[Black "Munk, Petr"]
[Result "1-0"]
[WhiteElo "2398"]
[BlackElo "2096"]
[PlyCount "65"]
[EventDate "2023.07.01"]
[EventType "swiss"]
[EventRounds "9"]
[EventCountry "CZE"]
[TimeControl "120+30"]

1. e4 {[%emt 0:00:05]} c5 {[%emt 0:00:45]} 2. Nc3 {[%emt 0:00:10]} Nc6 {[%emt 0:00:12]} 3. Bb5 {[%emt 0:00:11]} Nd4 {[%emt 0:00:09]} 4. Bc4 {[%emt 0:00:08]} g6 {[%emt 0:06:31]} 5. Nf3 {[%emt 0:00:05]} Bg7 {[%emt 0:00:47]} 6. Nxd4 {[%emt 0:00:07]} cxd4 {[%emt 0:00:45]} 7. Qf3 {[%emt 0:00:10]} Nf6 {[%emt 0:15:09]} 8. Ne2 {[%emt 0:01:08]} Qc7 {[%emt 0:01:41]} 9. d3 {[%emt 0:03:00]} Qc5 {[%emt 0:00:30]} 10. c3 {[%emt 0:04:22]} d5 {[%emt 0:14:15]} 11. exd5 {[%emt 0:00:49]} Bg4 {[%emt 0:00:11]} 12. Qf4 {[%emt 0:00:21]} Bxe2 {[%emt 0:05:00]} 13. cxd4 {[%emt 0:05:41]} Qb6 {[%emt 0:01:08]} 14. Kxe2 {[%emt 0:01:47]} Rd8 {[%emt 0:00:00]} 15. Re1 {[%emt 0:02:20]} Nxd5 {[%emt 0:04:54]} 16. Qf3 {[%emt 0:00:18]} e6 {[%emt 0:00:15]} 17. Bg5 {[%emt 0:05:44]} Rd7 {[%emt 0:00:17]} 18. Kf1 {[%emt 0:00:11]} O-O {[%emt 0:00:04]} 19. Re2 {[%emt 0:09:25]} Bxd4 {[%emt 0:01:54]} 20. h4 {[%emt 0:03:08]} Qd6 {[%emt 0:22:54]} 21. g3 {[%emt 0:02:26]} a6 {[%emt 0:02:19]} 22. h5 {[%emt 0:01:23]} b5 {[%emt 0:04:36]} 23. Bb3 {[%emt 0:00:06]} a5 {[%emt 0:01:05]} 24. a3 {[%emt 0:00:47]} a4 {[%emt 0:01:34]} 25. Ba2 {[%emt 0:00:05]} Ne7 {[%emt 0:11:12]} 26. hxg6 {[%emt 0:00:59]} hxg6 {[%emt 0:00:01]} 27. Rae1 {[%emt 0:02:14]} Kg7 {[%emt 0:02:48]} 28. Kg2 {[%emt 0:02:25]} Qc6 {[%emt 0:06:36]} 29. Re4 {[%emt 0:00:53]} Bxb2 {[%emt 0:00:01]} 30. Bxe6 {[%emt 0:10:57]} Rxd3 {[%emt 0:10:53]} 31. Qxd3 {[%emt 0:00:44]} f5 {[%emt 0:00:27]} 32. Bxe7 {[%emt 0:00:39]} Re8 {[%emt 0:00:28]} 33. Qd7 {[%emt 0:01:36]} 1-0

[Event "29. Klatovy A 2023"]
[Site "Klatovy"]
[Date "2023.07.03"]
[Round "3.6"]
[White "Pirklova, Hana"]
[Black "Jurek, Josef"]
[Result "0-1"]
[WhiteElo "2085"]
[BlackElo "2251"]
[PlyCount "66"]
[EventDate "2023.07.01"]
[EventType "swiss"]
[EventRounds "9"]
[EventCountry "CZE"]
[TimeControl "120+30"]

1. e4 {[%emt 0:00:03]} c5 {[%emt 0:01:29]} 2. Nf3 {[%emt 0:00:05]} e6 {[%emt 0:00:43]} 3. d4 {[%emt 0:00:07]} cxd4 {[%emt 0:00:17]} 4. Nxd4 {[%emt 0:00:07]} a6 {[%emt 0:00:41]} 5. Nc3 {[%emt 0:03:19]} b5 {[%emt 0:00:32]} 6. Be2 {[%emt 0:04:19]} Bb7 {[%emt 0:00:57]} 7. Bf3 {[%emt 0:09:24]} Qc7 {[%emt 0:05:28]} 8. O-O {[%emt 0:02:42]} d6 {[%emt 0:02:58]} 9. a3 {[%emt 0:06:03]} Nd7 {[%emt 0:01:37]} 10. g4 {[%emt 0:09:39]} Be7 {[%emt 0:16:08]} 11. Bg2 {[%emt 0:01:24]} g5 {[%emt 0:04:01]} 12. Bxg5 {[%emt 0:35:19]} Bxg5 {[%emt 0:06:11]} 13. Ndxb5 {[%emt 0:01:18]} axb5 {[%emt 0:00:23]} 14. Nxb5 {[%emt 0:00:04]} Qb6 {[%emt 0:09:12]} 15. Nxd6+ {[%emt 0:00:09]} Ke7 {[%emt 0:00:48]} 16. Nxb7 {[%emt 0:00:33]} e5 {[%emt 0:11:51]} 17. b4 {[%emt 0:13:10]} Qxb7 {[%emt 0:00:41]} 18. c4 {[%emt 0:00:39]} Ngf6 {[%emt 0:03:59]} 19. c5 {[%emt 0:05:49]} Qc6 {[%emt 0:03:51]} 20. h4 {[%emt 0:09:23]} Bxh4 {[%emt 0:01:17]} 21. f4 h6 {[%emt 0:00:00]} 22. Qe2 {[%emt 0:00:00]} Rhg8 {[%emt 0:24:21]} 23. g5 {[%emt 0:01:32]} hxg5 {[%emt 0:00:54]} 24. fxe5 {[%emt 0:00:15]} Nxe5 {[%emt 0:01:59]} 25. Rf5 {[%emt 0:05:34]} Bg3 {[%emt 0:02:27]} 26. Raf1 {[%emt 0:01:35]} Nfg4 {[%emt 0:02:45]} 27. Bh3 {[%emt 0:02:19]} Bh2+ {[%emt 0:14:36]} 28. Kg2 {[%emt 0:01:15]} Bf4 {[%emt 0:02:36]} 29. Bxg4 {[%emt 0:00:41]} Nxg4 {[%emt 0:00:37]} 30. Qxg4 {[%emt 0:00:39]} Qxe4+ {[%emt 0:00:19]} 31. Rf3 {[%emt 0:01:07]} Rxa3 {[%emt 0:03:25]} 32. Re5+ {[%emt 0:01:43]} Qxe5 {[%emt 0:00:29]} 33. Rxa3 {[%emt 0:00:20]} Qb2+ {[%emt 0:01:38]} 0-1

[Event "29. Klatovy A 2023"]
[Site "Klatovy"]
[Date "2023.07.03"]
[Round "3.7"]
[White "Formanek, Martin"]
[Black "Filindash, Nikita"]
[Result "0-1"]
[WhiteElo "2206"]
[BlackElo "2011"]
[PlyCount "74"]
[EventDate "2023.07.01"]
[EventType "swiss"]
[EventRounds "9"]
[EventCountry "CZE"]
[TimeControl "120+30"]

1. Nf3 {[%emt 0:00:04]} d5 {[%emt 0:00:08]} 2. g3 {[%emt 0:00:10]} Nf6 {[%emt 0:00:08]} 3. Bg2 {[%emt 0:00:09]} e6 {[%emt 0:00:05]} 4. O-O {[%emt 0:00:39]} c5 {[%emt 0:00:06]} 5. d3 {[%emt 0:00:30]} Nc6 {[%emt 0:00:14]} 6. Nbd2 {[%emt 0:00:58]} Be7 {[%emt 0:00:38]} 7. e4 {[%emt 0:00:15]} O-O {[%emt 0:00:31]} 8. Re1 {[%emt 0:00:28]} Qc7 {[%emt 0:00:09]} 9. c3 {[%emt 0:06:16]} b5 {[%emt 0:00:42]} 10. e5 {[%emt 0:01:44]} Nd7 {[%emt 0:00:21]} 11. Qe2 {[%emt 0:00:05]} a5 {[%emt 0:02:56]} 12. h4 {[%emt 0:01:36]} Bb7 {[%emt 0:00:10]} 13. Nf1 {[%emt 0:00:29]} Rfc8 {[%emt 0:00:14]} 14. N1h2 {[%emt 0:01:08]} Qd8 {[%emt 0:00:20]} 15. h5 {[%emt 0:02:04]} h6 {[%emt 0:00:07]} 16. Ng4 {[%emt 0:00:51]} Qf8 {[%emt 0:00:54]} 17. Bf4 {[%emt 0:02:30]} a4 {[%emt 0:00:43]} 18. Rac1 {[%emt 0:12:01]} Nb6 {[%emt 0:02:45]} 19. Qd2 {[%emt 0:06:53]} Kh8 {[%emt 0:00:11]} 20. Ngh2 {[%emt 0:02:26]} Kh7 {[%emt 0:22:00]} 21. Bh3 {[%emt 0:10:13]} Nd8 {[%emt 0:03:52]} 22. Qe2 {[%emt 0:08:44]} a3 {[%emt 0:13:53]} 23. b3 {[%emt 0:01:49]} c4 {[%emt 0:02:43]} 24. b4 {[%emt 0:00:37]} Na4 {[%emt 0:00:24]} 25. d4 {[%emt 0:02:03]} Nxc3 {[%emt 0:09:49]} 26. Rxc3 {[%emt 0:00:06]} Bxb4 {[%emt 0:00:07]} 27. Rcc1 {[%emt 0:01:56]} Bxe1 {[%emt 0:00:08]} 28. Qxe1 {[%emt 0:00:25]} b4 {[%emt 0:00:12]} 29. Nd2 {[%emt 0:00:40]} b3 {[%emt 0:06:32]} 30. axb3 {[%emt 0:00:50]} a2 {[%emt 0:00:09]} 31. bxc4 {[%emt 0:00:52]} Qa3 {[%emt 0:00:08]} 32. Ra1 {[%emt 0:00:52]} dxc4 {[%emt 0:00:17]} 33. Ne4 {[%emt 0:03:00]} Bxe4 {[%emt 0:01:06]} 34. Qxe4+ {[%emt 0:00:21]} Kh8 {[%emt 0:00:16]} 35. Qc2 {[%emt 0:01:23]} Rcb8 {[%emt 0:00:56]} 36. Nf1 {[%emt 0:01:02]} Qb2 {[%emt 0:02:23]} 37. Qd1 {[%emt 0:03:39]} Qxa1 {[%emt 0:01:38]} 0-1

[Event "29. Klatovy A 2023"]
[Site "Klatovy"]
[Date "2023.07.03"]
[Round "3.8"]
[White "Flajsman, Pavel"]
[Black "Hladky, Tadeas"]
[Result "1/2-1/2"]
[WhiteElo "2192"]
[BlackElo "2046"]
[PlyCount "107"]
[EventDate "2023.07.01"]
[EventType "swiss"]
[EventRounds "9"]
[EventCountry "CZE"]
[TimeControl "120+30"]

1. Nf3 {[%emt 0:00:03]} d5 {[%emt 0:00:09]} 2. c4 {[%emt 0:00:22]} c6 {[%emt 0:00:07]} 3. g3 {[%emt 0:00:08]} Nf6 {[%emt 0:00:08]} 4. Bg2 {[%emt 0:00:08]} Bf5 {[%emt 0:00:17]} 5. O-O {[%emt 0:00:20]} e6 {[%emt 0:00:07]} 6. cxd5 {[%emt 0:00:14]} cxd5 {[%emt 0:01:49]} 7. Qb3 {[%emt 0:00:11]} Qb6 {[%emt 0:01:18]} 8. Qxb6 {[%emt 0:00:59]} axb6 {[%emt 0:00:10]} 9. Nc3 {[%emt 0:00:21]} Nc6 {[%emt 0:01:02]} 10. d3 {[%emt 0:03:18]} Be7 {[%emt 0:02:49]} 11. Nb5 {[%emt 0:19:13]} O-O {[%emt 0:06:00]} 12. a3 {[%emt 0:12:19]} h6 {[%emt 0:17:11]} 13. Be3 {[%emt 0:06:37]} Nd7 {[%emt 0:01:59]} 14. Rac1 {[%emt 0:07:29]} Bh7 {[%emt 0:06:23]} 15. b4 {[%emt 0:19:59]} Rac8 {[%emt 0:08:22]} 16. Nd2 {[%emt 0:11:17]} Rfd8 {[%emt 0:07:52]} 17. Nb3 {[%emt 0:03:32]} Nce5 {[%emt 0:08:27]} 18. Rfd1 {[%emt 0:14:28]} Rc6 {[%emt 0:04:28]} 19. Na7 {[%emt 0:06:31]} Rxc1 {[%emt 0:00:34]} 20. Rxc1 {[%emt 0:00:02]} Ra8 {[%emt 0:03:27]} 21. Rc8+ {[%emt 0:02:10]} Rxc8 {[%emt 0:00:18]} 22. Nxc8 {[%emt 0:00:02]} Bd8 {[%emt 0:01:41]} 23. Nd6 {[%emt 0:01:01]} Ng4 {[%emt 0:03:42]} 24. Bd2 {[%emt 0:01:08]} Bc7 {[%emt 0:01:12]} 25. Nxb7 {[%emt 0:00:29]} Kf8 {[%emt 0:00:37]} 26. a4 {[%emt 0:01:47]} Ke8 {[%emt 0:01:36]} 27. a5 {[%emt 0:01:07]} Nb8 {[%emt 0:00:27]} 28. h3 {[%emt 0:07:26]} Nf6 {[%emt 0:01:26]} 29. Be3 {[%emt 0:02:47]} bxa5 {[%emt 0:00:57]} 30. bxa5 {[%emt 0:01:15]} Kd7 {[%emt 0:00:36]} 31. N7c5+ {[%emt 0:04:03]} Kc6 {[%emt 0:00:40]} 32. Bd2 {[%emt 0:05:15]} Nfd7 {[%emt 0:00:54]} 33. Nxd7 {[%emt 0:00:16]} Nxd7 {[%emt 0:00:22]} 34. Bf1 {[%emt 0:01:01]} Kb5 {[%emt 0:01:47]} 35. Nd4+ {[%emt 0:00:30]} Ka6 {[%emt 0:00:54]} 36. Nb3 {[%emt 0:00:21]} Kb5 {[%emt 0:00:05]} 37. Bc3 {[%emt 0:01:47]} g5 {[%emt 0:06:06]} 38. Nd4+ {[%emt 0:00:22]} Ka6 {[%emt 0:00:22]} 39. Nb3 {[%emt 0:00:05]} Kb5 {[%emt 0:00:05]} 40. e3 {[%emt 0:01:15]} Ka4 {[%emt 0:00:47]} 41. Nc1 {[%emt 0:00:28]} Bxa5 {[%emt 0:00:33]} 42. Bg7 {[%emt 0:00:07]} h5 {[%emt 0:01:49]} 43. d4 {[%emt 0:00:06]} Bd8 {[%emt 0:02:14]} 44. Bd3 {[%emt 0:01:05]} Bxd3 {[%emt 0:01:35]} 45. Nxd3 {[%emt 0:00:01]} Kb5 {[%emt 0:00:10]} 46. g4 {[%emt 0:01:13]} hxg4 {[%emt 0:00:17]} 47. hxg4 {[%emt 0:00:01]} Kc4 {[%emt 0:01:21]} 48. Ne5+ {[%emt 0:00:46]} Nxe5 {[%emt 0:00:06]} 49. Bxe5 {[%emt 0:00:01]} Kd3 {[%emt 0:00:39]} 50. Kf1 {[%emt 0:00:50]} Kd2 {[%emt 0:00:18]} 51. Bd6 {[%emt 0:00:27]} Bf6 {[%emt 0:00:09]} 52. Bb4+ {[%emt 0:00:25]} Kd3 {[%emt 0:00:20]} 53. Bd6 {[%emt 0:00:20]} Kd2 {[%emt 0:00:07]} 54. Bb4+ {[%emt 0:00:03]} 1/2-1/2

[Event "29. Klatovy A 2023"]
[Site "Klatovy"]
[Date "2023.07.03"]
[Round "3.9"]
[White "Janous, Marek"]
[Black "Honcharov, Makar"]
[Result "1-0"]
[WhiteElo "2185"]
[BlackElo "1696"]
[PlyCount "49"]
[EventDate "2023.07.01"]
[EventType "swiss"]
[EventRounds "9"]
[EventCountry "CZE"]
[TimeControl "120+30"]

1. d4 {[%emt 0:03:41]} Nf6 {[%emt 0:00:09]} 2. g4 {[%emt 0:00:04]} Nxg4 {[%emt 0:00:29]} 3. e4 {[%emt 0:01:38]} d5 {[%emt 0:00:37]} 4. Be2 {[%emt 0:00:07]} Nf6 {[%emt 0:02:09]} 5. e5 {[%emt 0:01:52]} Nfd7 {[%emt 0:00:12]} 6. Nf3 {[%emt 0:01:23]} e6 {[%emt 0:00:40]} 7. Bg5 {[%emt 0:00:06]} Be7 {[%emt 0:00:42]} 8. Rg1 {[%emt 0:00:07]} f6 {[%emt 0:01:01]} 9. Be3 {[%emt 0:08:31]} O-O {[%emt 0:15:36]} 10. Nc3 {[%emt 0:05:07]} Kh8 {[%emt 0:04:26]} 11. Qd2 {[%emt 0:03:04]} c5 {[%emt 0:14:33]} 12. exf6 {[%emt 0:00:15]} Bxf6 {[%emt 0:03:22]} 13. O-O-O {[%emt 0:03:29]} c4 {[%emt 0:06:48]} 14. Ng5 {[%emt 0:05:01]} Nb6 {[%emt 0:09:37]} 15. Bh5 {[%emt 0:02:09]} Qe7 {[%emt 0:08:58]} 16. Qe2 {[%emt 0:05:50]} Qc7 {[%emt 0:20:26]} 17. Qf3 {[%emt 0:13:42]} Nc6 {[%emt 0:05:41]} 18. Bg6 {[%emt 0:08:26]} h6 {[%emt 0:01:36]} 19. Nh7 {[%emt 0:03:44]} Bd7 {[%emt 0:00:01]} 20. Nxf8 {[%emt 0:02:49]} Rxf8 {[%emt 0:00:02]} 21. Qh5 {[%emt 0:00:37]} Nxd4 {[%emt 0:13:55]} 22. Bxh6 {[%emt 0:08:40]} Ne2+ {[%emt 0:00:37]} 23. Kb1 {[%emt 0:00:07]} Nxc3+ {[%emt 0:00:21]} 24. Ka1 {[%emt 0:03:09]} Rf7 {[%emt 0:00:56]} 25. Bxf7 {[%emt 0:00:33]} 1-0

[Event "29. Klatovy A 2023"]
[Site "Klatovy"]
[Date "2023.07.03"]
[Round "3.10"]
[White "Kupsa, Matej 2001"]
[Black "Topencik, Bruno"]
[Result "1-0"]
[WhiteElo "2145"]
[BlackElo "1780"]
[PlyCount "79"]
[EventDate "2023.07.01"]
[EventType "swiss"]
[EventRounds "9"]
[EventCountry "CZE"]
[TimeControl "120+30"]

1. b3 {[%emt 0:02:44]} e5 {[%emt 0:00:28]} 2. Bb2 {[%emt 0:00:06]} Nc6 {[%emt 0:00:26]} 3. e3 {[%emt 0:00:06]} g6 {[%emt 0:08:48]} 4. f4 {[%emt 0:08:37]} Bg7 {[%emt 0:07:07]} 5. Nf3 {[%emt 0:03:55]} d6 {[%emt 0:05:22]} 6. Bb5 {[%emt 0:01:39]} Qe7 {[%emt 0:07:28]} 7. fxe5 {[%emt 0:06:40]} dxe5 {[%emt 0:01:10]} 8. Bxc6+ {[%emt 0:00:42]} bxc6 {[%emt 0:00:10]} 9. Qe2 {[%emt 0:06:37]} Nh6 {[%emt 0:05:32]} 10. e4 {[%emt 0:07:36]} O-O {[%emt 0:03:00]} 11. Ba3 {[%emt 0:02:13]} c5 {[%emt 0:03:43]} 12. Qc4 {[%emt 0:03:53]} Be6 {[%emt 0:02:03]} 13. Qxc5 {[%emt 0:03:50]} Qxc5 {[%emt 0:03:34]} 14. Bxc5 {[%emt 0:01:40]} Rfd8 {[%emt 0:00:24]} 15. d3 {[%emt 0:02:07]} f6 {[%emt 0:03:22]} 16. Nbd2 {[%emt 0:02:37]} Nf7 {[%emt 0:01:41]} 17. Nc4 {[%emt 0:02:08]} Nd6 {[%emt 0:02:08]} 18. Bxd6 {[%emt 0:10:40]} cxd6 {[%emt 0:01:01]} 19. Ne3 {[%emt 0:00:06]} h6 {[%emt 0:15:29]} 20. c4 {[%emt 0:00:40]} f5 {[%emt 0:00:53]} 21. Nd5 {[%emt 0:02:28]} Rd7 {[%emt 0:03:06]} 22. h4 {[%emt 0:05:30]} Rc8 {[%emt 0:07:16]} 23. Kd2 {[%emt 0:03:06]} Kf7 {[%emt 0:02:30]} 24. Rab1 {[%emt 0:03:26]} Bxd5 {[%emt 0:03:21]} 25. cxd5 {[%emt 0:01:13]} Rdc7 {[%emt 0:00:49]} 26. Rbc1 {[%emt 0:00:09]} Rxc1 {[%emt 0:00:33]} 27. Rxc1 {[%emt 0:00:03]} Rxc1 {[%emt 0:00:47]} 28. Kxc1 {[%emt 0:00:02]} fxe4 {[%emt 0:02:05]} 29. dxe4 {[%emt 0:00:06]} Ke7 {[%emt 0:00:49]} 30. Kc2 {[%emt 0:00:49]} Kd7 {[%emt 0:00:11]} 31. Kd3 {[%emt 0:02:09]} Kc7 {[%emt 0:01:12]} 32. Kc4 {[%emt 0:00:04]} Kb6 {[%emt 0:00:40]} 33. h5 {[%emt 0:00:34]} gxh5 {[%emt 0:02:04]} 34. Nh4 {[%emt 0:04:30]} Bf8 {[%emt 0:01:49]} 35. Nf5 {[%emt 0:00:24]} Ka6 {[%emt 0:04:39]} 36. b4 {[%emt 0:01:39]} Kb6 {[%emt 0:00:07]} 37. a4 {[%emt 0:00:08]} Ka6 {[%emt 0:00:51]} 38. Kd3 {[%emt 0:00:07]} Kb6 {[%emt 0:00:21]} 39. Ke3 {[%emt 0:00:05]} a5 {[%emt 0:01:52]} 40. b5 {[%emt 0:00:06]} 1-0

[Event "29. Klatovy A 2023"]
[Site "Klatovy"]
[Date "2023.07.03"]
[Round "3.11"]
[White "Stary, Lukas"]
[Black "Kopta, Pavel"]
[Result "1/2-1/2"]
[WhiteElo "1921"]
[BlackElo "2209"]
[PlyCount "55"]
[EventDate "2023.07.01"]
[EventType "swiss"]
[EventRounds "9"]
[EventCountry "CZE"]
[TimeControl "120+30"]

1. d4 {[%emt 0:00:03]} Nf6 {[%emt 0:00:09]} 2. Bf4 {[%emt 0:00:06]} g6 {[%emt 0:00:25]} 3. Nc3 {[%emt 0:00:07]} d6 {[%emt 0:07:48]} 4. e4 {[%emt 0:00:13]} Bg7 {[%emt 0:00:31]} 5. Qd2 {[%emt 0:00:06]} c6 {[%emt 0:01:14]} 6. Bh6 {[%emt 0:00:22]} Bxh6 {[%emt 0:07:30]} 7. Qxh6 {[%emt 0:00:02]} Qa5 {[%emt 0:00:40]} 8. f3 {[%emt 0:08:27]} b5 {[%emt 0:06:34]} 9. Qd2 {[%emt 0:09:14]} Nbd7 {[%emt 0:03:55]} 10. Nh3 {[%emt 0:09:18]} Nb6 {[%emt 0:05:30]} 11. Nf2 {[%emt 0:06:59]} Rb8 {[%emt 0:07:29]} 12. b3 {[%emt 0:04:13]} Nbd7 {[%emt 0:13:07]} 13. Bd3 {[%emt 0:03:13]} O-O {[%emt 0:04:28]} 14. Ne2 {[%emt 0:03:43]} Qxd2+ {[%emt 0:02:35]} 15. Kxd2 {[%emt 0:00:02]} e5 {[%emt 0:00:45]} 16. a4 {[%emt 0:03:13]} b4 {[%emt 0:01:22]} 17. f4 {[%emt 0:04:31]} exf4 {[%emt 0:03:20]} 18. Nxf4 {[%emt 0:00:39]} c5 {[%emt 0:00:11]} 19. d5 {[%emt 0:16:06]} Ne5 {[%emt 0:02:14]} 20. Nd1 {[%emt 0:02:56]} Re8 {[%emt 0:03:26]} 21. Re1 {[%emt 0:04:28]} g5 {[%emt 0:03:39]} 22. Ne2 {[%emt 0:01:00]} h5 {[%emt 0:09:54]} 23. Ng1 {[%emt 0:07:44]} Kg7 {[%emt 0:01:52]} 24. Nf3 {[%emt 0:02:07]} Kh6 {[%emt 0:04:26]} 25. Nxe5 {[%emt 0:00:51]} Rxe5 {[%emt 0:00:12]} 26. Nb2 {[%emt 0:01:43]} Re7 {[%emt 0:02:54]} 27. Nc4 {[%emt 0:01:16]} Rd7 {[%emt 0:03:19]} 28. Rf1 {[%emt 0:02:26]} 1/2-1/2